Ethical and philosophical consideration of the dual-use dilemma in the biological sciences (Record no. 35642)
[ view plain ]
| 000 -LEADER | |
|---|---|
| fixed length control field | 01892nam a2200397Ia 4500 |
| 100 1# - MAIN ENTRY--AUTHOR NAME | |
| Personal name | Miller, Seumas. |
| 245 10 - TITLE STATEMENT | |
| Title | Ethical and philosophical consideration of the dual-use dilemma in the biological sciences |
| 260 ## - PUBLICATION, DISTRIBUTION, ETC. (IMPRINT) | |
| Place of publication | [New York] : |
| Name of publisher | Springer, |
| Year of publication | c2008. |
| 300 ## - PHYSICAL DESCRIPTION | |
| Number of Pages | vii, 75 p. |
| 500 ## - GENERAL NOTE | |
| General note | "...originally produced as a report for the National Security Science and Technology Unit, Department of the Prime Minister and Cabinet, Australian Government, as part of a Centre for Applied Philosophy and Public Ethics (CAPPE) consultation in 2006 ... previously published in Science and Engineering Ethics (2007) 13: 523-580"--P. v. |
| 650 #0 - SUBJECT ADDED ENTRY--TOPICAL TERM | |
| Topical Term | Biology |
| Topical Term | Biology |
| Topical Term | Biological warfare |
| Topical Term | Biological warfare |
| Topical Term | Biological warfare |
| 700 1# - ADDED ENTRY--PERSONAL NAME | |
| Personal name | Selgelid, Michael J. |
| 856 40 - ELECTRONIC LOCATION AND ACCESS | |
| Uniform Resource Identifier | http://site.ebrary.com/lib/rucke/Doc?id=10245874 |
No items available.
